| 000 | 00658nam a2200253Ia 4500 | ||
|---|---|---|---|
| 001 | 5837 | ||
| 003 | 11642 | ||
| 005 | 20240712155355.0 | ||
| 008 | ||||||n9999 ||| || || | ||
| 041 | _aspa | ||
| 082 |
_220 _a341 |
||
| 100 |
_aRodriguez Maldonado, Carlos _910165 |
||
| 245 | 0 |
_aProyecto de organizacion de la carrera diplomatica y del servicio consular _bde la Republica de Colombia |
|
| 260 |
_aBogotá : _bS.N., _c2012. |
||
| 300 | _a102p | ||
| 562 | _e1 | ||
| 650 |
_aCARRERA DIPLOMÁTICA Y CONSULAR _910166 |
||
| 650 |
_aCOLOMBIA _910167 |
||
| 942 | _cBKM | ||
| 999 |
_c5837 _d5837 |
||
| 526 | _a105630 | ||
| 526 | _a1698 | ||
| 526 | _a51868 | ||
| 526 | _a1697 | ||